Most v rámci R2 (Kriváň - Mýtna) - alternatíva 1: vysúvaný most na plný profil rýchlostnej cesty

Guardado en:
Detalles Bibliográficos
Autor principal: Medovarský, Adam (Autor)
Otros Autores: Paulík, Peter (Orientador)
Formato: Manuscrito Libro
Lenguaje:eslovaco
Publicado: 2023
Materias:
Acceso en línea:http://is.stuba.sk/zp/portal_zp.pl?podrobnosti=171333
https://opac.crzp.sk/?fn=detailBiblioForm&sid=C0DEB8E07572332BAC230215805F
Etiquetas: Agregar Etiqueta
Sin Etiquetas, Sea el primero en etiquetar este registro!

MARC

LEADER 00000ntm a22000003a 4500
001 stuzp93743
003 SK-STU
005 20230919120944.1
007 ta
008 150427s2015----xo-----f-mn---000-0-slo-d
040 |a STU  |b slo 
041 0 |a slo 
100 1 |a Medovarský, Adam  |u 010110  |4 aut  |U SvF Stavebná fakulta  |T SvF Katedra betónových konštrukcií a mostov  |X 98203  |U V110  |Y 11  |7 98203 
242 0 1 |a Bridge within R2 (Kriváň - Mýtna) - alternative solution 1: bridge built by the incremental launching method for the full motorway profile  |y eng 
245 1 0 |a Most v rámci R2 (Kriváň - Mýtna) - alternatíva 1: vysúvaný most na plný profil rýchlostnej cesty 
260 |c 2023 
650 4 |a Most  |2 slo 
650 4 |a Vysúvanie  |2 slo 
650 4 |a Predpätie  |2 slo 
650 4 |a Bridge  |2 eng 
650 4 |a Launching  |2 eng 
650 4 |a highway  |2 eng 
700 1 |a Paulík, Peter  |u 010110  |k Z1  |4 ths  |U SvF Stavebná fakulta  |T SvF Katedra betónových konštrukcií a mostov  |X 11217  |U V110  |Y 11  |7 A000011217 
856 4 |u http://is.stuba.sk/zp/portal_zp.pl?podrobnosti=171333 
856 4 |u https://opac.crzp.sk/?fn=detailBiblioForm&sid=C0DEB8E07572332BAC230215805F